Chandrakant Babubhai Patel and Pratima Chandrakant Patel v K&J Restaurants Ltd and MP Catering Ltd (Record no. 83113)
[ view plain ]
| 000 -LEADER | |
|---|---|
| fixed length control field | 01529cad a22002175a 4500 |
| 001 - CONTROL NUMBER | |
| control field | L152841 |
| 008 - FIXED-LENGTH DATA ELEMENTS--GENERAL INFORMATION | |
| fixed length control field | 110505e20101026xxk 000 0 eng d |
| 035 ## - SYSTEM CONTROL NUMBER | |
| System control number | (Sirsi) u152841 |
| 041 0# - LANGUAGE CODE | |
| Language code of text/sound track or separate title | eng |
| 245 00 - TITLE STATEMENT | |
| Title | Chandrakant Babubhai Patel and Pratima Chandrakant Patel v K&J Restaurants Ltd and MP Catering Ltd |
| Medium | [electronic resource] |
| 260 ## - PUBLICATION, DISTRIBUTION, ETC. | |
| Date of publication, distribution, etc. | 2010 |
| 520 ## - SUMMARY, ETC. | |
| Summary, etc. | [2010] EWCA Civ 1211, 26 October 2010. Considers whether a tenant should lose its premises because of immoral or illegal use. Claimants (P) are the landlords of premises in Tottenham Court Road in central London. Defendant (K) was granted a tenancy in 2004 under a 20 year lease. P served K with a notice under the Law of Property Act 1925 s146 to forfeit K's lease because of immoral use, the breach being irremediable. "Held": CA granted K relief from forfeiture as it was not running the brothel. K's lease with P stopped the building being used for immoral purposes. K had to pay costs at it had waited until the court case before remedying the matter. |
| 590 ## - LOCAL NOTE (RLIN) | |
| Local note | KA |
| 650 24 - SUBJECT ADDED ENTRY--TOPICAL TERM | |
| Topical term or geographic name entry element | PATEL AND ANOR V K&J RESTAURANTS LTD AND ANOR |
| 650 24 - SUBJECT ADDED ENTRY--TOPICAL TERM | |
| Topical term or geographic name entry element | RUGBY SCHOOL (GOVERNORS) V TANNAHILL |
| 650 24 - SUBJECT ADDED ENTRY--TOPICAL TERM | |
| Topical term or geographic name entry element | LAW OF PROPERTY ACT 1925 S146 |
| 651 #4 - SUBJECT ADDED ENTRY--GEOGRAPHIC NAME | |
| Geographic name | England and Wales |
| Chronological subdivision | 1543- |
| 690 ## - LOCAL SUBJECT ADDED ENTRY--TOPICAL TERM (OCLC, RLIN) | |
| Topical term or geographic name as entry element | PROPERTY-COMMERCIAL PROPERTY-LEASEHOLD COMMERCIAL PROPERTY-COMMERCIAL LANDLORD AND TENANT-COMMERCIAL LEASES-BREACHING COMMERCIAL LEASES |
| 856 40 - ELECTRONIC LOCATION AND ACCESS | |
| Uniform Resource Identifier | <a href="https://www.bailii.org/ew/cases/EWCA/Civ/2010/1211.html">https://www.bailii.org/ew/cases/EWCA/Civ/2010/1211.html</a> |
| Public note | View the law report free of charge at www.bailii.org |
| 942 ## - ADDED ENTRY ELEMENTS (KOHA) | |
| Suppress in OPAC | 0 |
| Withdrawn status | Lost status | Source of classification or shelving scheme | Damaged status | Not for loan | Home library | Current library | Shelving location | Date acquired | Total Checkouts | Full call number | Barcode | Date last seen | Copy number | Price effective from | Koha item type |
|---|---|---|---|---|---|---|---|---|---|---|---|---|---|---|---|
| Dewey Decimal Classification | Virtual | Virtual | Online | 05/05/2011 | ONLINE PUBLICATION | 152841-2001 | 06/08/2019 | 1 | 06/08/2019 | Law report |